[Event "Cambridge op"]
[Site "Cambridge"]
[Date "2023.02.16"]
[Round "4"]
[White "Catabay, Mae Katelyn Rose"]
[Black "Hutchinson, Paul A"]
[Result "1-0"]
[WhiteElo "1525"]
[BlackElo "2070"]
[PlyCount "106"]
[EventDate "2023.02.15"]
[EventType "swiss"]
[EventRounds "9"]
[EventCountry "ENG"]
[SourceTitle "CBM 212 Extra"]
[Source "ChessBase"]
[SourceDate "2023.03.31"]
[SourceVersion "1"]
[SourceVersionDate "2023.03.31"]
[SourceQuality "1"]

1. d4 d5 2. c4 e6 3. Nf3 Nf6 4. g3 c6 5. Bg2 dxc4 6. Nc3 Bb4 7. 0-0 Bxc3 8. bxc3 Qa5 9. Qc2 Nbd7 10. e4 h6 11. Be3 0-0 12. Nd2 b5 13. f4 Bb7 14. a4 Qc7 15. a5 a6 16. Bf3 c5 17. h3 Nh7 18. g4 Rae8 19. Rf2 f6 20. Bg2 cxd4 21. cxd4 e5 22. Qc3 Rc8 23. Raf1 exd4 24. Bxd4 Nc5 25. Re2 Na4 26. Qb4 Rfd8 27. Nf3 c3 28. e5 Bd5 29. Rfe1 Qc4 30. Qxc4 Rxc4 31. e6 c2 32. e7 Re8 33. Rc1 Nc3 34. Bxc3 Rxc3 35. Nd4 Bxg2 36. Kxg2 g6 37. f5 Ng5 38. fxg6 Nxh3 39. Rexc2 Nf4+ 40. Kf2 Rxc2+ 41. Rxc2 Rxe7 42. Rc8+ Kg7 43. Nf5+ Kxg6 44. Nxe7+ Kf7 45. Nf5 Nd3+ 46. Ke3 Nb4 47. Nxh6+ Ke6 48. Kd4 Kd7 49. Rf8 Nc6+ 50. Kc5 Nxa5 51. Ra8 Nb7+ 52. Kb6 Nd6 53. Kxa6 Kc6 1-0

[Event "Cambridge op"]
[Site "Cambridge"]
[Date "2023.02.15"]
[Round "1"]
[White "Bonn, Thomas"]
[Black "Catabay, Mae Katelyn Rose"]
[Result "1-0"]
[WhiteElo "2189"]
[BlackElo "1525"]
[PlyCount "47"]
[EventDate "2023.02.15"]
[EventType "swiss"]
[EventRounds "9"]
[EventCountry "ENG"]
[SourceTitle "CBM 212 Extra"]
[Source "ChessBase"]
[SourceDate "2023.03.31"]
[SourceVersion "1"]
[SourceVersionDate "2023.03.31"]
[SourceQuality "1"]

1. d4 Nf6 2. Nf3 d5 3. c4 e6 4. g3 Be7 5. Bg2 0-0 6. 0-0 c6 7. Nbd2 Nbd7 8. Qc2 Bd6 9. e4 dxe4 10. Nxe4 Nxe4 11. Qxe4 Nf6 12. Qe2 Re8 13. Rd1 Bd7 14. Ne5 Qc7 15. Bf4 Qc8 16. Rac1 Bc7 17. Rc3 Ba5 18. Rcd3 Bd8 19. g4 h6 20. g5 hxg5 21. Bxg5 Nh7 22. Bxd8 Qxd8 23. Qh5 Qe7 24. Rh3 1-0

[Event "ENG-ch U12"]
[Site "Torquay"]
[Date "2022.08.11"]
[Round "5"]
[White "Catabay, Mae Katelyn Rose"]
[Black "Rastogi, Nayan Keats"]
[Result "1/2-1/2"]
[WhiteElo "1401"]
[BlackElo "1439"]
[PlyCount "36"]
[EventDate "2022.08.08"]
[EventType "swiss"]
[EventRounds "7"]
[EventCountry "ENG"]
[SourceTitle "EXT 2023"]
[Source "ChessBase"]
[SourceDate "2022.10.05"]
[SourceVersion "1"]
[SourceVersionDate "2022.10.05"]
[SourceQuality "1"]

1. d4 Nf6 2. c4 g6 3. Nc3 Bg7 4. e4 d6 5. Nf3 0-0 6. Be2 e5 7. Be3 Ng4 8. 0-0 Nxe3 9. fxe3 c6 10. Rb1 Na6 11. Qd2 Nc7 12. Rbd1 Bg4 13. h3 Bxf3 14. Bxf3 Qe7 15. Qe2 Rfd8 16. a3 f6 17. d5 a5 18. b3 Na6 1/2-1/2

[Event "ENG-ch Chessable (Women)"]
[Site "Kenilworth"]
[Date "2022.05.20"]
[Round "3"]
[White "Milewska, Agnieszka"]
[Black "Catabay, Mae Katelyn Rose"]
[Result "1/2-1/2"]
[WhiteElo "1677"]
[BlackElo "1321"]
[PlyCount "198"]
[EventDate "2022.05.19"]
[EventType "swiss"]
[EventRounds "7"]
[EventCountry "ENG"]
[SourceTitle "CBM 208 Extra"]
[Source "ChessBase"]
[SourceDate "2022.07.31"]
[SourceVersion "1"]
[SourceVersionDate "2022.07.31"]
[SourceQuality "1"]

1. d4 Nf6 2. c4 g6 3. Nc3 d5 4. e3 Bg7 5. Nf3 0-0 6. cxd5 Nxd5 7. Bc4 e6 8. 0-0 b6 9. e4 Nxc3 10. bxc3 Bb7 11. e5 Nc6 12. Bg5 Qd7 13. Qc1 Ne7 14. Bxe7 Qxe7 15. Qe3 Rac8 16. Bb3 c5 17. Ng5 h6 18. Ne4 Bxe4 19. Qxe4 c4 20. Bc2 b5 21. h4 h5 22. a4 b4 23. cxb4 Qxb4 24. Rab1 Qc3 25. Rb7 Rb8 26. Rfb1 Rxb7 27. Rxb7 Rd8 28. Qf4 Rf8 29. Qe4 Bh6 30. Rxa7 Bf4 31. Qxf4 Qxc2 32. a5 c3 33. Rc7 Qd2 34. Qe3 Ra8 35. Qxc3 Qxc3 36. Rxc3 Rxa5 37. Rc8+ Kg7 38. Rd8 Ra2 39. g3 Ra5 40. Kg2 Ra3 41. d5 exd5 42. Rxd5 Kf8 43. f4 Ke7 44. Rb5 Rc3 45. Rb7+ Ke6 46. Rb6+ Ke7 47. Rb2 Ke6 48. Rf2 Kf5 49. Rf3 Rc2+ 50. Kh3 Rd2 51. Rb3 Rd7 52. Rb6 Ke4 53. e6 fxe6 54. Rxe6+ Kf5 55. Re5+ Kf6 56. Kg2 Rd3 57. Kf2 Rc3 58. Rg5 Rb3 59. f5 Rb2+ 60. Kf3 Rb3+ 61. Kg2 Rb2+ 62. Kh3 gxf5 63. Rxh5 Rb4 64. Rh6+ Kg7 65. Rc6 Rb3 66. Kg2 Rd3 67. h5 Rb3 68. h6+ Kf7 69. h7 Rb8 70. Kf3 Kg7 71. Rc7+ Kg6 72. Kf4 Rb4+ 73. Kf3 Rb8 74. Rb7 Rh8 75. Kf4 Re8 76. Rb6+ Kxh7 77. Kxf5 Re7 78. g4 Kg7 79. Rb5 Kf7 80. g5 Rc7 81. Rb6 Rc5+ 82. Kg4 Rc1 83. Rf6+ Kg7 84. Rf4 Rg1+ 85. Kf5 Rb1 86. Kg4 Rg1+ 87. Kh5 Rh1+ 88. Rh4 Rxh4+ 89. Kxh4 Kg6 90. Kg4 Kg7 91. Kf4 Kg6 92. Kg4 Kg7 93. Kf5 Kf7 94. g6+ Kg7 95. Kg5 Kg8 96. Kh6 Kh8 97. Kh5 Kg7 98. Kg5 Kg8 99. Kf6 Kf8 1/2-1/2

[Event "Southend Easter op 64th"]
[Site "Southend"]
[Date "2022.04.17"]
[Round "5"]
[White "Catabay, Mae Katelyn Rose"]
[Black "Williamson, Kevin J"]
[Result "1/2-1/2"]
[WhiteElo "1265"]
[BlackElo "1878"]
[PlyCount "70"]
[EventDate "2022.04.15"]
[EventType "swiss"]
[EventRounds "7"]
[EventCountry "ENG"]
[SourceTitle "CBM 207 Extra"]
[Source "ChessBase"]
[SourceDate "2022.05.31"]
[SourceVersion "1"]
[SourceVersionDate "2022.05.31"]
[SourceQuality "1"]

1. e4 e5 2. f4 Qh4+ 3. g3 Qe7 4. d3 d6 5. Nc3 Nf6 6. Be2 Nc6 7. Be3 g6 8. Qd2 Bg7 9. 0-0-0 Bd7 10. Nf3 h6 11. h3 a6 12. g4 exf4 13. Bxf4 0-0-0 14. Rhf1 g5 15. Be3 Be6 16. d4 d5 17. e5 Ne4 18. Qe1 Nxc3 19. Qxc3 Qb4 20. Qxb4 Nxb4 21. a3 Nc6 22. Nd2 a5 23. Bd3 Rdf8 24. Bf5 Ne7 25. Nb3 b6 26. Rf2 Kd7 27. Rdf1 f6 28. Bxe6+ Kxe6 29. exf6 Rxf6 30. Kd2 Rhf8 31. Nc1 Ng6 32. Nd3 Rxf2+ 33. Rxf2 Rxf2+ 34. Bxf2 Bf8 35. Bg3 Bd6 1/2-1/2